[Event "IND-ch U15 47th"]
[Site "New Delhi"]
[Date "2022.12.01"]
[Round "5"]
[White "Aayush, Bhojak"]
[Black "Jess, Ruchandani"]
[Result "1-0"]
[WhiteElo "1710"]
[BlackElo "1289"]
[PlyCount "69"]
[EventDate "2022.11.28"]
[EventType "swiss"]
[EventRounds "11"]
[EventCountry "IND"]
[SourceTitle "CBM 211 Extra"]
[Source "ChessBase"]
[SourceDate "2023.01.31"]
[SourceVersion "1"]
[SourceVersionDate "2023.01.31"]
[SourceQuality "1"]

1. d4 d5 2. c4 c6 3. Nc3 Nf6 4. Nf3 e6 5. g3 Bb4 6. Qa4 Qa5 7. Qxa5 Bxa5 8. Bd2 Bxc3 9. bxc3 Nbd7 10. cxd5 cxd5 11. e3 Nb6 12. a4 a5 13. Ne5 Bd7 14. Bd3 0-0 15. Ke2 Bc6 16. Rhb1 Nfd7 17. Nxc6 bxc6 18. e4 f5 19. exf5 exf5 20. Bf4 Rfe8+ 21. Kd2 g6 22. Bc7 Nc8 23. Rb7 Nf6 24. f3 Re7 25. Rab1 Ne8 26. Be5 Rxb7 27. Rxb7 Ra7 28. Rb8 Kf7 29. Rxc8 Rb7 30. Kc2 Ke7 31. Rxc6 Kd7 32. Bb5 Kd8 33. c4 Nc7 34. Bf6+ Kc8 35. Ba6 1-0

[Event "IND-ch U15 47th"]
[Site "New Delhi"]
[Date "2022.11.29"]
[Round "3"]
[White "Aayush, Bhojak"]
[Black "Krishnan, Ritvik"]
[Result "0-1"]
[WhiteElo "1710"]
[BlackElo "2266"]
[PlyCount "76"]
[EventDate "2022.11.28"]
[EventType "swiss"]
[EventRounds "11"]
[EventCountry "IND"]
[SourceTitle "CBM 211 Extra"]
[Source "ChessBase"]
[SourceDate "2023.01.31"]
[SourceVersion "1"]
[SourceVersionDate "2023.01.31"]
[SourceQuality "1"]

1. d4 Nf6 2. Bf4 d5 3. e3 c5 4. Nf3 Nc6 5. Nbd2 Qb6 6. dxc5 Qxb2 7. Rb1 Qc3 8. Bb5 g6 9. 0-0 Bg7 10. Be5 Qxc5 11. e4 0-0 12. exd5 Nxe5 13. Nxe5 Qxd5 14. Ndf3 Qxd1 15. Rfxd1 Be6 16. a4 Ne4 17. Rd3 Nc5 18. Re3 Rac8 19. Nd4 Bd5 20. Nef3 e6 21. a5 Rfd8 22. Rbe1 Bxd4 23. Nxd4 Bxg2 24. Nxe6 Nxe6 25. Kxg2 Rxc2 26. Ba4 Ra2 27. Bb3 Rxa5 28. Bxe6 fxe6 29. Rxe6 Rd7 30. f4 Rf5 31. R1e4 Rb5 32. Kg3 Kf7 33. Re8 Rb2 34. Re3 Rb3 35. Rxb3 Kxe8 36. Kg4 Kf7 37. f5 b6 38. Rb5 Kf6 0-1

[Event "Bikaner op 1st"]
[Site "Bikaner"]
[Date "2022.10.09"]
[Round "10"]
[White "Aayush, Bhojak"]
[Black "Aryan, Arora2222"]
[Result "1-0"]
[WhiteElo "1701"]
[BlackElo "1750"]
[PlyCount "107"]
[EventDate "2022.10.01"]
[EventType "swiss"]
[EventRounds "10"]
[EventCountry "IND"]
[SourceTitle "CBM 210 Extra"]
[Source "ChessBase"]
[SourceDate "2022.11.30"]
[SourceVersion "1"]
[SourceVersionDate "2022.11.30"]
[SourceQuality "1"]

1. d4 Nf6 2. c4 e6 3. Nc3 Bb4 4. f3 c5 5. d5 0-0 6. e4 d6 7. Nge2 b5 8. Ng3 exd5 9. cxd5 a6 10. a4 bxa4 11. Qxa4 Re8 12. Be2 Nbd7 13. 0-0 Bb7 14. Qc2 Ne5 15. Nf5 Bc8 16. Ne3 Nfd7 17. f4 Ng6 18. Nc4 Nf6 19. Bd3 Ra7 20. f5 Bxc3 21. bxc3 Ne5 22. Nxe5 Rxe5 23. Bf4 Re8 24. c4 h6 25. Rae1 Rae7 26. g4 Nxg4 27. Qg2 Bxf5 28. Qg3 Bxe4 29. Bxe4 Rxe4 30. Rxe4 Rxe4 31. Qxg4 Qf6 32. Qc8+ Kh7 33. Bg3 Qd4+ 34. Kh1 Qxc4 35. Qf5+ Kh8 36. Qc8+ Kh7 37. Qf5+ Kh8 38. Rb1 Re8 39. Bxd6 g6 40. Qf6+ Kg8 41. Qf3 Rd8 42. Rb7 Qc1+ 43. Kg2 Qg5+ 44. Kh3 f5 45. Bxc5 Qg4+ 46. Qxg4 fxg4+ 47. Kxg4 Rxd5 48. Be3 h5+ 49. Kf4 Ra5 50. h4 Ra4+ 51. Kg5 Rg4+ 52. Kf6 Rxh4 53. Kxg6 Kf8 54. Bg5 1-0

[Event "Bikaner op 1st"]
[Site "Bikaner"]
[Date "2022.10.06"]
[Round "7"]
[White "Patil, Priyanshu"]
[Black "Aayush, Bhojak"]
[Result "1-0"]
[WhiteElo "1810"]
[BlackElo "1701"]
[PlyCount "45"]
[EventDate "2022.10.01"]
[EventType "swiss"]
[EventRounds "10"]
[EventCountry "IND"]
[SourceTitle "CBM 210 Extra"]
[Source "ChessBase"]
[SourceDate "2022.11.30"]
[SourceVersion "1"]
[SourceVersionDate "2022.11.30"]
[SourceQuality "1"]

1. e4 e5 2. Nf3 Nf6 3. d4 Nxe4 4. Bd3 d5 5. Nxe5 Bd6 6. 0-0 0-0 7. c4 c6 8. Nc3 Nxc3 9. bxc3 Nd7 10. f4 dxc4 11. Nxc4 Bc7 12. Ne5 Nf6 13. Qc2 h6 14. Rb1 Rb8 15. Qe2 Be6 16. Kh1 Bxe5 17. fxe5 Nd5 18. Qe4 g6 19. Bxh6 Nxc3 20. Qe3 Nd5 21. Qg3 Ne7 22. Bg5 f5 23. exf6 1-0